Obálka Náhled e-knihy:
Epub
Pro půjčování e-knih musíte být přihlášeni.
Jak si půjčit online?

Zvěrolékařka. Velké sny /

Román zkušené německé autorky vypráví příběh mladé ženy z počátku 20. století, jejímž snem je kariéra veterinářky.

Uloženo v:
Série:Zvěrolékařka, část 1
Hlavní autor: Lark, Sarah, 1958- (Autor)
Další autoři: Soukupová, Zuzana, 1949- (Autor)
Médium: E-kniha
Jazyk:Czech
Vydáno: Praha : Ikar, 2022
Vydání:Vydání první
Témata:
On-line přístup:Plný text - pro registrované uživatele NK ČR
Příbuzné jednotky:Z cyklu:: Zvěrolékařka
Tagy:
Žádné tagy
LEADER 02803nam a2200469 i 4500
001 311756
003 CZ PrSKC
005 20260601215711.0
007 ta
008 220812s2022 xr g 000 f cze
015 |a cnb003401066 
020 |a 9788024947679  |q (vázáno) 
035 |a (OCoLC)1347065543 
040 |a ABG001  |b cze  |d ABA001  |e rda 
041 1 |a cze  |h ger 
072 7 |a 821.112.2-3  |x Německá próza, německy psaná  |2 Konspekt 
080 |a 821.112.2-31  |2 MRF 
080 |a (0:82-31)  |2 MRF 
100 1 |a Lark, Sarah,  |d 1958-  |7 xx0124412  |4 aut 
240 1 0 |a Große Träume.  |l Česky 
245 1 0 |a Zvěrolékařka.  |p Velké sny /  |c Sarah Larková ; z německého originálu Die Tierärztin ... přeložila Zuzana Soukupová 
246 3 0 |a Velké sny 
250 |a Vydání první 
264 1 |a Praha :  |b Ikar,  |c 2022 
300 |a 477 stran ;  |c 24 cm 
336 |a text  |b txt  |2 rdacontent 
337 |a bez média  |b n  |2 rdamedia 
338 |a svazek  |b nc  |2 rdacarrier 
500 |a Název originálu části uveden na rubu titulní stránky: Große Träume 
520 2 |a Román zkušené německé autorky vypráví příběh mladé ženy z počátku 20. století, jejímž snem je kariéra veterinářky.  |b Aby v roce 1912 mohla pracovat jako zvěrolékařka, vdala se Nellie za svého přítele z dětství Philippa De Groota, který převzal veterinární praxi po svém otci. Sice ho nemilovala, ale už od dětství je oba spojovalo pevné přátelství. Před sňatkem mu slíbila, že mu dá svobodu, kdyby se mu naskytla příležitost věnovat se svému vysněnému povolání hudebníka. Ta se opravdu objevila po skončení první světové války a Phillip tehdy bez váhání zmizel z jejího života. Nellie se spolu se svou kolegyní Mariou pokusila vybudovat veterinární praxi v Berlíně. Jenže minulost a láska Nellie záhy dostihly... Nakladatelská anotace. 
655 7 |a německé romány  |7 fd132945  |2 czenas 
655 9 |a German fiction  |2 eczenas 
700 1 |a Soukupová, Zuzana,  |d 1949-  |7 jk01120576  |4 trl 
765 1 |t Tierärztin 
787 0 8 |i Z cyklu:  |t Zvěrolékařka  |g 1 
856 4 1 |u https://www.bookport.cz/AccountSaml/SignIn/?idp=https%3A%2F%2Fshibboleth.nkp.cz%2Fidp%2Fshibboleth&returnUrl=/kniha/velke-sny-13764/  |y Plný text - pro registrované uživatele NK ČR  |4 N 
900 |a ABA001  |b 21 
928 9 |a Euromedia Group - Ikar 
044 |a xr 
910 |a RBIT002 
998 |d 364049  |a https://core.palmknihy.cz/api/books/364049/cover?rle1xf  |b https://core.palmknihy.cz/api/books/364049/cover/400?rle1xf  |c https://core.palmknihy.cz/api/books/364049/cover/50?rle1xf  |e 2026-09-22  |g 480  |i 9788024947679  |j https://core.palmknihy.cz/api/books/364049/preview.epub  |l   |q 49  |r 1  |s https://www.palmknihy.cz/kniha/364049  |t ebook  |y 2022  |z 0  |v Zvěrolékařka.  |w 1 
999 |d 311754